• 首页
  • 本馆介绍
  • 公告通知
  • 最新文献
  • 馆藏检索
  • 电子资源
  • 读者导购
  • 参考咨询
  • 我的图书馆
  • 登录
  • 详细信息显示
  • 放入我的书架
  • 预约/预借图书
  • 作者相关作品
  • 分类相关作品
  • 丛书相关作品
  • 出版社相关作品

书目信息

  • 表格格式
  • 工作单格式
  • 卡片格式
题名:
肌肉健美训练图解
    
 
作者: 德拉威尔 编著 ;李振华 , 田筠 , 胡坚莉 主译
分册:  
出版信息: 济南   山东科学技术出版社  2020.01
页数: 141页
开本: 25cm
丛书名:
单 册:
中图分类: G883.19
科图分类:
主题词: 肌肉--ji rou--健美运动--运动训练法--图解
电子资源:
ISBN: 978-7-5331-5884-2
000 01022nam0 2200289 450
001 012001002348
005 20141203140249.0
010    @a978-7-5331-5884-2@dCNY55.00
099    @aCAL 012012224580
100    @a20220905d2012 em y0chiy50 ea
101 1  @achi@cfre
102    @aCN@b370000
105    @aa z 000yy
106    @ar
200 1  @a肌肉健美训练图解@Aji rou jian mei xun lian tu jie@f(法) Fredreic Delavier编著@g李振华, 田筠主译@g胡坚莉 ... [等] 译
210    @a济南@c山东科学技术出版社@d2020.01
215    @a141页@c图 (部分彩图)@d25cm
300    @a最新版
330    @a本书拥有400余幅逼真的全彩人体运动插图, 生动地展示了在每项运动中发挥作用的肌肉及其相关的关节和骨骼。
606 0  @a肌肉@Aji rou@x健美运动@x运动训练法@j图解
690    @aG883.19@v5
701  1 @a德拉威尔@Ade la wei er@g(Delavier, Fredreic)@4编著
702  0 @a李振华@Ali zhen hua@4主译
702  0 @a田筠@Atian jun@4主译
702  0 @a胡坚莉@Ahu jian li@4译
801  0 @aCN@bAHXH@c20221111
905    @b1376675-9@dG883.19@e250@f5
    
    肌肉健美训练图解/(法) Fredreic Delavier编著/李振华, 田筠主译/胡坚莉 ... [等] 译.-济南:山东科学技术出版社,2020.01
    141页:图 (部分彩图);25cm
    最新版
    
    ISBN 978-7-5331-5884-2:CNY55.00
    本书拥有400余幅逼真的全彩人体运动插图, 生动地展示了在每项运动中发挥作用的肌肉及其相关的关节和骨骼。
●
相关链接 在E读中查询图书 在五车中查询图书 在当当中查询图书 在豆瓣中查询图书


正题名:肌肉健美训练图解     索取号:G883.19/250         预约/预借

序号 登录号 条形码 馆藏地/架位号 状态 备注
1 1376675   213766753   第一样本阅览室/ [索取号:G883.19/250] 在馆    
2 1376676   213766762   教育系资料室/ [索取号:G883.19/250] 在馆    
3 1376677   213766771   教育系资料室/ [索取号:G883.19/250] 在馆    
4 1376678   213766780   第四借阅区/ [索取号:G883.19/250] 在馆    
5 1376679   213766799   第四借阅区/ [索取号:G883.19/250] 在馆    
唐山师范学院图书馆 欢迎您!
大连网信软件有限公司© 版权所有